Normal view
MARC view
- Durango
Entry Nombre Geográfico
001 - NÚMERO DE CONTROL
- campo de control: 6655
003 - IDENTIFICADOR DE NUMERO DE CONTROL
- campo de control: MX-MxUPN
005 - FECHA Y HORA DE LA ÜLTIMA TRANSACCIÓN
- campo de control: 20251202110841.0
008 - DATOS DE LONGITUD FIJA
- campo de control de longitud fija: 251202n| fcnnnbabn | ana |d
035 ## - NÚMERO DE CONTROL
- Número de control: UPN10000006657
040 ## - FUENTE DE CATALOGACIÓN
- Agencia de catalogación original: MX-MxUPN
- Lenguaje de catalogación: spa
- Agencia de transcripción: MX-MxUPN
151 ## - ENCABEZAMIENTO - NOMBRE GEOGRÁFICO
- Nombre geográfico: Durango
- Subdivisión general : Historia constitucional
670 ## - FUENTE EN LA QUE SE LOCALIZARON DATOS
- Cita de la fuente: E
- Información localizada: México - Historia constitucional
902 ## - CATALOGADOR
- Catalogador: BDV/250507
